LIBRARY & INFORMATION CENTRE, KCAET, TAVANUR

ONLINE PUBLIC ACCESS CATALOGUE (OPAC)

Nonsense omnibus / (Record no. 12830)

MARC details
000 -LEADER
fixed length control field 00357cam a2200145ua 4500
041 ## - LANGUAGE CODE
Language code of text/sound track or separate title eng
082 ## - DEWEY DECIMAL CLASSIFICATION NUMBER
Classification number 823.308
Item number STR/NO
100 ## - MAIN ENTRY--AUTHOR NAME
Personal name Strachey, E .
245 ## - TITLE STATEMENT
Title Nonsense omnibus /
260 ## - PUBLICATION, DISTRIBUTION, ETC. (IMPRINT)
Place of publication London :
Name of publisher Frederick Warne & Co Ltd ,
Year of publication 1943.
300 ## - PHYSICAL DESCRIPTION
Number of Pages 480 ; .
942 ## - ADDED ENTRY ELEMENTS (KOHA)
Koha item type Books
Holdings
Withdrawn status Lost status Damaged status Home library Current library Date acquired Cost, normal purchase price Full call number Accession Number Koha item type Public note
Withdrawn     KAUAET Sanskrit University 07/04/2012 12.60 823.308 7058 Books Transferred to Sanskrit University
free website counter